[Event "España ch 1ª Division Norte"]
[Site "Barcelona ESP"]
[Date "2005.08.12"]
[Round "3.6"]
[White "Llorente Fernandez, Carlos"]
[Black "Rios, Alejandro"]
[Result "1-0"]
[WhiteElo "1925"]
[BlackElo "2282"]
[PlyCount "81"]
[EventDate "2005.08.11"]
[EventType "team"]
[EventRounds "6"]
[EventCountry "ESP"]
[Source "lmi"]
[SourceDate "2005.08.14"]

1. d4 Nf6 2. c4 c5 3. d5 e6 4. Nc3 exd5 5. cxd5 d6 6. e4 g6 7. h3 Bg7 8. Bd3
O-O 9. Nf3 a6 10. a4 Nbd7 11. O-O Nh5 12. Bg5 Qc7 13. Nd2 Re8 14. Re1 b6 15.
Qc2 Rb8 16. Rad1 Be5 17. g3 Nxg3 18. fxg3 Bxg3 19. Re3 Be5 20. Kh1 f6 21. Bh4
Bf4 22. Rf3 g5 23. Rg1 Be5 24. Nc4 Qd8 25. Bg3 Bxg3 26. Rfxg3 Ne5 27. Nxe5 Rxe5
28. Qe2 Ra8 29. Nd1 Ra7 30. Ne3 b5 31. axb5 axb5 32. Bxb5 Rxe4 33. Bd3 Rf4 34.
Rf3 Rxf3 35. Qxf3 Rb7 36. Rg2 Rb4 37. Nc4 Kg7 38. Qh5 Qg8 39. Kh2 Ba6 40. Re2
Bb5 41. Nxd6 1-0

[Event "España ch 1ª Division Norte"]
[Site "Barcelona ESP"]
[Date "2005.08.12"]
[Round "3.6"]
[White "Panelo, Marcelo"]
[Black "Santos Santos, Pablo"]
[Result "0-1"]
[WhiteElo "2404"]
[BlackElo "2303"]
[PlyCount "76"]
[EventDate "2005.08.11"]
[EventType "team"]
[EventRounds "6"]
[EventCountry "ESP"]
[Source "lmi"]
[SourceDate "2005.08.14"]

1. d4 d5 2. c4 c6 3. Nc3 Nf6 4. e3 a6 5. Nf3 b5 6. b3 Bf5 7. Be2 e6 8. O-O Nbd7
9. Bb2 h6 10. Bd3 Bxd3 11. Qxd3 Be7 12. a4 b4 13. Ne2 O-O 14. Rac1 Qb6 15. Ng3
Rfd8 16. e4 dxe4 17. Nxe4 Nxe4 18. Qxe4 Bf6 19. c5 Qc7 20. Rc4 a5 21. Bc1 e5
22. Be3 exd4 23. Nxd4 Bxd4 24. Bxd4 Re8 25. Qg4 Ne5 26. Qg3 Rad8 27. f4 Ng6 28.
Ba1 Rd2 29. Rd4 Ra2 30. Kh1 Ree2 31. Rg1 Qc8 32. Rd6 Qf5 33. Rxc6 Rxg2 34. Rxg2
Qb1+ 35. Rg1 Qe4+ 36. Qg2 Rxg2 37. Rc8+ Kh7 38. Rxg2 Nxf4 0-1

[Event "España ch 1ª Division Norte"]
[Site "Barcelona ESP"]
[Date "2005.08.12"]
[Round "3.7"]
[White "Paredes Galan, Angel"]
[Black "Navarrete Delgado, Sergio"]
[Result "1-0"]
[WhiteElo "2334"]
[BlackElo "2207"]
[PlyCount "95"]
[EventDate "2005.08.11"]
[EventType "team"]
[EventRounds "6"]
[EventCountry "ESP"]
[Source "lmi"]
[SourceDate "2005.08.14"]

1. e3 d5 2. Nf3 c5 3. b3 Nc6 4. Bb2 Bg4 5. Bb5 Nf6 6. h3 Bxf3 7. Bxc6+ bxc6 8.
Qxf3 Qd6 9. d3 e5 10. Nd2 Nd7 11. O-O Be7 12. e4 O-O 13. Rae1 Bg5 14. Nb1 g6
15. Nc3 Bd2 16. Re2 Bxc3 17. Bxc3 f5 18. exf5 Rxf5 19. Qg3 Re8 20. Rfe1 Qf6 21.
f3 h6 22. Bb2 Kh7 23. Qg4 Re7 24. Qg3 g5 25. Ba3 Rf7 26. Qf2 d4 27. Qg3 h5 28.
Rf1 Rg7 29. Bc1 Nf8 30. Re4 Ne6 31. Rfe1 Nf4 32. Qf2 Nd5 33. Bd2 g4 34. hxg4
hxg4 35. Kf1 gxf3 36. g4 Ne3+ 37. Bxe3 dxe3 38. R1xe3 Rf4 39. Qh2+ Kg8 40. Rxf4
exf4 41. Re8+ Kf7 42. Qh5+ Qg6 43. Re4 Qxh5 44. Rxf4+ Qf5 45. Rxf5+ Ke6 46.
Rxc5 Rxg4 47. Rxc6+ Ke5 48. Kf2 1-0

[Event "España ch 1ª Division Norte"]
[Site "Barcelona ESP"]
[Date "2005.08.12"]
[Round "3.7"]
[White "Rada Equiza, Miguel"]
[Black "Suarez Pousa, Diego"]
[Result "1/2-1/2"]
[WhiteElo "2236"]
[BlackElo "2400"]
[PlyCount "62"]
[EventDate "2005.08.11"]
[EventType "team"]
[EventRounds "6"]
[EventCountry "ESP"]
[Source "lmi"]
[SourceDate "2005.08.14"]

1. e4 e5 2. Nf3 Nc6 3. Bb5 a6 4. Ba4 Nf6 5. O-O b5 6. Bb3 Bc5 7. c3 d6 8. a4
Rb8 9. axb5 axb5 10. d4 Bb6 11. Na3 O-O 12. Nxb5 exd4 13. cxd4 Bg4 14. Ba4 d5
15. e5 Ne4 16. Be3 f6 17. Qc2 Nb4 18. Qb3 Ba5 19. Nd2 c6 20. Na7 Nxd2 21. Bxd2
Qc7 22. Bxc6 Nxc6 23. Qxd5+ Qf7 24. Qxf7+ Kxf7 25. Nxc6 Bxd2 26. Ra7+ Kg6 27.
Nxb8 Rxb8 28. exf6 gxf6 29. Rfa1 Rxb2 30. R7a2 Bc3 31. Rxb2 Bxb2 1/2-1/2

[Event "España ch 1ª Division Norte"]
[Site "Barcelona ESP"]
[Date "2005.08.12"]
[Round "3.7"]
[White "Rebole Arbea, Iñaki"]
[Black "Sanchez Aller, Fernando"]
[Result "0-1"]
[WhiteElo "2176"]
[BlackElo "2261"]
[PlyCount "60"]
[EventDate "2005.08.11"]
[EventType "team"]
[EventRounds "6"]
[EventCountry "ESP"]
[Source "lmi"]
[SourceDate "2005.08.14"]

1. d4 Nf6 2. Nf3 e6 3. c4 b6 4. g3 Ba6 5. Qc2 c5 6. Bg2 Nc6 7. dxc5 Bxc5 8. a3
Bb7 9. O-O Be7 10. Rd1 O-O 11. b3 Rc8 12. Bb2 d6 13. Nc3 a6 14. Rac1 Na5 15.
Rd2 Qc7 16. Qd1 Rfd8 17. Na4 Bc6 18. b4 Bxa4 19. Qxa4 Nxc4 20. Qxa6 Ne4 21.
Rdc2 d5 22. Ne5 Ra8 23. Qb5 Ned6 24. Qc6 Qa7 25. Nxc4 Nxc4 26. Bd4 Rdc8 27. Qb5
Nxa3 28. Qxb6 Qxb6 29. Bxb6 Rxc2 30. Ra1 Rb8 0-1

[Event "España ch 1ª Division Norte"]
[Site "Barcelona ESP"]
[Date "2005.08.12"]
[Round "3.7"]
[White "Veiga Goy, Jose Luis"]
[Black "Mindeguia Guruceaga, Juan J"]
[Result "0-1"]
[WhiteElo "2192"]
[BlackElo "2170"]
[PlyCount "140"]
[EventDate "2005.08.11"]
[EventType "team"]
[EventRounds "6"]
[EventCountry "ESP"]
[Source "lmi"]
[SourceDate "2005.08.14"]

1. e4 c5 2. Nc3 d6 3. Nf3 e5 4. Bc4 Be6 5. Bxe6 fxe6 6. Qe2 Be7 7. Qc4 Qd7 8.
O-O Nc6 9. Re1 Nh6 10. a3 Rd8 11. Qe2 O-O 12. d3 Nf7 13. Nd1 Nd4 14. Nxd4 cxd4
15. Qg4 Rc8 16. Re2 Rc7 17. c3 Rfc8 18. Bd2 Qb5 19. Qg3 Qb3 20. cxd4 exd4 21.
f4 Rc2 22. Qf3 Rf8 23. Qh3 e5 24. Rf2 exf4 25. Bxf4 Ne5 26. Rxc2 Qxc2 27. Qe6+
Rf7 28. Rc1 Qxd3 29. Nf2 Qe2 30. h3 d3 31. Qd5 Qxb2 32. Rc8+ Bf8 33. Rc7 d2 34.
Kh2 Qb6 35. Rxf7 Nxf7 36. Qxd2 Qc5 37. Qb2 Qc6 38. Qb3 Be7 39. Qe6 Bf8 40. Ng4
Qc5 41. Ne3 Qxa3 42. Nd5 Qa5 43. Qe8 Qd8 44. Qe6 a5 45. g3 a4 46. h4 a3 47. Bg5
Qa8 48. Nb6 a2 49. Nxa8 a1=Q 50. Nc7 Qe5 51. Qc4 Qc5 52. Qxc5 dxc5 53. Be3 Ne5
54. Kg2 Kf7 55. Kf1 Nc4 56. Bc1 Bd6 57. Nd5 Bxg3 58. h5 Nd6 59. Kg2 Be5 60. Kf3
b5 61. Be3 Bd4 62. Bf4 Ne8 63. e5 b4 64. Ke4 b3 65. Kd3 Ke6 66. Nc3 Bxe5 67.
Be3 Nd6 68. Ne4 c4+ 69. Kd2 Nxe4+ 70. Kd1 Nc3+ 0-1

[Event "España ch 1ª Division Norte"]
[Site "Barcelona ESP"]
[Date "2005.08.12"]
[Round "3.8"]
[White "Paredes Cordo, Jacobo Borja"]
[Black "Herrero Sabartes, Joan"]
[Result "1/2-1/2"]
[WhiteElo "2173"]
[BlackElo "2303"]
[PlyCount "82"]
[EventDate "2005.08.11"]
[EventType "team"]
[EventRounds "6"]
[EventCountry "ESP"]
[Source "lmi"]
[SourceDate "2005.08.14"]

1. e4 d6 2. Nc3 g6 3. Bc4 Nf6 4. d3 Bg7 5. f4 e6 6. Bb3 O-O 7. Nf3 d5 8. O-O c5
9. e5 Nfd7 10. Ne2 f6 11. exf6 Nxf6 12. c3 Nc6 13. d4 Qb6 14. Kh1 Bd7 15. dxc5
Qxc5 16. Nfd4 Nh5 17. Be3 Qe7 18. Qd2 Na5 19. Rae1 Nxb3 20. Nxb3 b6 21. Ned4
Qd6 22. Nc1 Nf6 23. Nd3 Ne4 24. Qc2 Rac8 25. Rf3 Rc4 26. Ne2 Rcc8 27. Bd4 Bb5
28. Ne5 Bxe2 29. Qxe2 g5 30. Rh3 Rxf4 31. Nd3 Bxd4 32. cxd4 Rf6 33. Qh5 h6 34.
Rf3 Rcf8 35. Ne5 Qc7 36. Ng4 Qg7 37. Qh3 Rg6 38. Ref1 Rxf3 39. gxf3 Nd6 40. Ne3
Rf6 41. Ng4 Rg6 1/2-1/2

[Event "España ch 1ª Division Norte"]
[Site "Barcelona ESP"]
[Date "2005.08.12"]
[Round "3.8"]
[White "Rodriguez Calvo, Manoel"]
[Black "Fernandez Muixi, Francesc"]
[Result "1-0"]
[WhiteElo "2119"]
[BlackElo "2097"]
[PlyCount "81"]
[EventDate "2005.08.11"]
[EventType "team"]
[EventRounds "6"]
[EventCountry "ESP"]
[Source "lmi"]
[SourceDate "2005.08.14"]

1. e4 e5 2. Nf3 Nc6 3. Bb5 a6 4. Ba4 Nf6 5. O-O b5 6. Bb3 Be7 7. Re1 O-O 8. h3
d6 9. c3 Na5 10. Bc2 c5 11. d4 Qc7 12. Nbd2 cxd4 13. cxd4 Bd7 14. Nf1 Rfc8 15.
Ne3 Bf8 16. Bd2 Nc6 17. d5 Ne7 18. Nh4 g5 19. Nf3 h6 20. Rc1 Ng6 21. Nh2 Qd8
22. Neg4 Nxg4 23. Nxg4 Ra7 24. Qf3 Bxg4 25. Qxg4 Qd7 26. Qxd7 Rxd7 27. Bd3 Rdc7
28. g3 Be7 29. a4 Nf8 30. axb5 axb5 31. Bxb5 Rxc1 32. Bxc1 Bd8 33. Bc6 Ba5 34.
Re2 Nd7 35. Bd2 Bxd2 36. Rxd2 Nc5 37. f3 Rb8 38. Kf2 Rxb2 39. Rxb2 Nd3+ 40. Ke2
Nxb2 41. Bb5 1-0

[Event "España ch 1ª Division Norte"]
[Site "Barcelona ESP"]
[Date "2005.08.12"]
[Round "3.9"]
[White "Bautista Sanchez, Joan"]
[Black "Guerrero Olmos, Sergio"]
[Result "0-1"]
[WhiteElo "2250"]
[BlackElo "2279"]
[PlyCount "64"]
[EventDate "2005.08.11"]
[EventType "team"]
[EventRounds "6"]
[EventCountry "ESP"]
[Source "lmi"]
[SourceDate "2005.08.14"]

1. c4 Nc6 2. Nc3 e5 3. g3 g6 4. Bg2 Bg7 5. Nf3 d6 6. d3 Nge7 7. Rb1 Bd7 8. b4
Qc8 9. b5 Nd8 10. Nd5 Nxd5 11. cxd5 a6 12. b6 c6 13. Nd2 cxd5 14. Ba3 Bc6 15.
Bxd6 Qd7 16. Ba3 Ne6 17. O-O h5 18. e3 h4 19. Qg4 Rh6 20. Nb3 f5 21. Qd1 Kf7
22. Na5 Ba4 23. Qd2 Rah8 24. Rfc1 hxg3 25. hxg3 g5 26. Rb4 Bb5 27. Bb2 g4 28.
a4 Ng5 29. e4 f4 30. exd5 Nf3+ 31. Bxf3 gxf3 32. Rxf4+ Kg8 0-1

[Event "España ch 1ª Division Norte"]
[Site "Barcelona ESP"]
[Date "2005.08.12"]
[Round "3.9"]
[White "Ceñal Gutierrez, Ruben"]
[Black "Obon Temprano, Sergi"]
[Result "1-0"]
[WhiteElo "2248"]
[BlackElo "2173"]
[PlyCount "99"]
[EventDate "2005.08.11"]
[EventType "team"]
[EventRounds "6"]
[EventCountry "ESP"]
[Source "lmi"]
[SourceDate "2005.08.14"]

1. d4 d5 2. c4 c6 3. Nc3 Nf6 4. cxd5 cxd5 5. Qb3 e6 6. Nf3 a6 7. Bg5 Nbd7 8. e3
Be7 9. Bd3 Qb6 10. Qc2 h6 11. Bh4 O-O 12. g4 Qd8 13. h3 Ne8 14. Bxe7 Qxe7 15.
O-O-O b5 16. Kb1 Nb6 17. h4 b4 18. Na4 Nxa4 19. Qxa4 Bd7 20. Qa5 Nd6 21. Qxb4
Rab8 22. Qa3 Bb5 23. Ne5 Qc7 24. Qc5 Bxd3+ 25. Nxd3 Qe7 26. Rc1 Rb5 27. Qc7
Qxc7 28. Rxc7 Rfb8 29. Rhc1 Nc4 30. b3 Ra5 31. Nc5 Nd2+ 32. Kb2 Nc4+ 33. Ka1
Nd2 34. Rc3 Rab5 35. Nxa6 R8b6 36. R3c6 Nf3 37. Rxb6 Rxb6 38. Rc8+ Kh7 39. Nc5
Nxh4 40. a4 Nf3 41. Kb2 Nd2 42. Kc3 Nb1+ 43. Kd3 f5 44. f3 Kg6 45. Rc7 fxg4 46.
fxg4 Na3 47. e4 dxe4+ 48. Kxe4 Nc2 49. Nd7 Rd6 50. Ne5+ 1-0

[Event "España ch 1ª Division Norte"]
[Site "Barcelona ESP"]
[Date "2005.08.12"]
[Round "3.9"]
[White "Molina Vinas, Marcos"]
[Black "Travesset Barba, Joaquim"]
[Result "1-0"]
[WhiteElo "2135"]
[BlackElo "2081"]
[PlyCount "115"]
[EventDate "2005.08.11"]
[EventType "team"]
[EventRounds "6"]
[EventCountry "ESP"]
[Source "lmi"]
[SourceDate "2005.08.14"]

1. e4 d5 2. exd5 Nf6 3. c4 e6 4. d4 exd5 5. Bg5 Be7 6. Nf3 Ne4 7. Be3 Bb4+ 8.
Nbd2 Nxd2 9. Nxd2 O-O 10. a3 Be7 11. Bd3 c6 12. O-O Bf6 13. Rc1 Be6 14. c5 Qd7
15. f4 Bf5 16. Nf3 Bxd3 17. Qxd3 Na6 18. Ne5 Qe7 19. Rf3 Nc7 20. Re1 Bxe5 21.
fxe5 Ne6 22. Rh3 g6 23. Bh6 Ng7 24. Qd2 f5 25. Bxg7 Qxg7 26. Qg5 Rae8 27. Ree3
Re6 28. Rh6 Qe7 29. Qf4 Qg7 30. h4 Kf7 31. Rg3 Ke8 32. h5 Rg8 33. Qxf5 gxf5 34.
Rxg7 Rxg7 35. Rxe6+ Kf7 36. Rf6+ Ke8 37. Rh6 Kf7 38. Kf2 Kg8 39. Rd6 Rg4 40. h6
Rxd4 41. e6 Kf8 42. Rd7 Re4 43. Rf7+ Ke8 44. Rxh7 Rxe6 45. b4 d4 46. Rh8+ Kf7
47. h7 Kg7 48. Rb8 Kxh7 49. Rxb7+ Kg6 50. Rxa7 Re3 51. a4 Rb3 52. Rb7 Kg5 53.
b5 Rb2+ 54. Ke1 cxb5 55. axb5 Kf4 56. c6 Rc2 57. Re7 Rc5 58. c7 1-0

[Event "España ch 1ª Division Norte"]
[Site "Barcelona ESP"]
[Date "2005.08.12"]
[Round "3.9"]
[White "Rise Font, Josep Maria"]
[Black "Ortiz Fernandez-Vega, Alejandro"]
[Result "1-0"]
[WhiteElo "2084"]
[BlackElo "2142"]
[PlyCount "81"]
[EventDate "2005.08.11"]
[EventType "team"]
[EventRounds "6"]
[EventCountry "ESP"]
[Source "lmi"]
[SourceDate "2005.08.14"]

1. d4 c5 2. d5 Nf6 3. c4 b5 4. cxb5 a6 5. b6 g6 6. Nc3 Bg7 7. e4 d6 8. a4 Qxb6
9. a5 Qb7 10. h3 O-O 11. Nf3 e6 12. Be2 exd5 13. exd5 Re8 14. O-O Nbd7 15. Re1
Qc7 16. Be3 Bb7 17. Qd2 Re7 18. Bc4 Rae8 19. Qd3 Nb8 20. Qd2 Nfd7 21. Bg5 Rxe1+
22. Rxe1 Rxe1+ 23. Qxe1 Ne5 24. Nxe5 dxe5 25. Ne4 Nd7 26. Be7 Bf8 27. d6 Qc6
28. f3 Bh6 29. b3 Qc8 30. Qh4 Be3+ 31. Kh1 Bxe4 32. fxe4 Qc6 33. Qg4 Kg7 34.
Qf3 Bf4 35. g3 Bd2 36. Qxf7+ Kh6 37. Bf8+ Nxf8 38. Qxf8+ Kg5 39. h4+ Kg4 40.
Be2+ Kh3 41. Qf1+ 1-0

[Event "España ch 1ª Division Norte"]
[Site "Barcelona ESP"]
[Date "2005.08.12"]
[Round "3.10"]
[White "Blazquez Gomez, Jose Maria"]
[Black "Valencia Jimenez, Jose"]
[Result "0-1"]
[WhiteElo "1989"]
[BlackElo "2120"]
[PlyCount "68"]
[EventDate "2005.08.11"]
[EventType "team"]
[EventRounds "6"]
[EventCountry "ESP"]
[Source "lmi"]
[SourceDate "2005.08.14"]

1. c4 Nf6 2. Nc3 e5 3. d3 Bb4 4. Bd2 Nc6 5. e3 O-O 6. Nge2 d5 7. cxd5 Nxd5 8.
a3 Bxc3 9. bxc3 Nb6 10. Ng3 f5 11. Be2 Be6 12. O-O a5 13. Qc2 a4 14. c4 Qh4 15.
f4 exf4 16. Rxf4 Qe7 17. d4 Bd7 18. Bd3 g6 19. Nf1 Qe8 20. Qa2 Rf7 21. Re1 Na5
22. e4 Nb3 23. exf5 Qf8 24. Bc3 Qd6 25. Qf2 Re8 26. Rxe8+ Bxe8 27. g3 Nc1 28.
Bc2 Nxc4 29. fxg6 hxg6 30. Qe1 Rxf4 31. gxf4 Bc6 32. Qe5 Nxe5 33. fxe5 Qd5 34.
Ne3 Qf3 0-1

[Event "España ch 1ª Division Norte"]
[Site "Barcelona ESP"]
[Date "2005.08.12"]
[Round "3.10"]
[White "Blazquez Gomez, Miguel"]
[Black "Hernando Rodrigo, Julio"]
[Result "0-1"]
[WhiteElo "2083"]
[BlackElo "2371"]
[PlyCount "60"]
[EventDate "2005.08.11"]
[EventType "team"]
[EventRounds "6"]
[EventCountry "ESP"]
[Source "lmi"]
[SourceDate "2005.08.14"]

1. e4 d5 2. exd5 Qxd5 3. Nc3 Qa5 4. Nf3 Nf6 5. a3 c6 6. b4 Qc7 7. Bb2 Bg4 8. h3
Bh5 9. Be2 e6 10. O-O Nbd7 11. Na4 a5 12. b5 Bxf3 13. Bxf3 cxb5 14. Nc3 b4 15.
axb4 Bxb4 16. Nb5 Qb6 17. Qe2 O-O 18. Rfb1 Rab8 19. Bd4 Bc5 20. Bc3 Bb4 21.
Bxb4 axb4 22. Rxb4 Qc5 23. c3 Ne5 24. d4 Nxf3+ 25. Qxf3 Qg5 26. c4 Ra8 27. Rab1
b6 28. Nd6 Nd7 29. Qc6 Qf4 30. c5 Ra2 0-1

[Event "España ch 1ª Division Norte"]
[Site "Barcelona ESP"]
[Date "2005.08.12"]
[Round "3.10"]
[White "Castellet Giralt, Gabriel"]
[Black "Martinez Perez, Jorge"]
[Result "0-1"]
[WhiteElo "2224"]
[BlackElo "2030"]
[PlyCount "86"]
[EventDate "2005.08.11"]
[EventType "team"]
[EventRounds "6"]
[EventCountry "ESP"]
[Source "lmi"]
[SourceDate "2005.08.14"]

1. d4 f5 2. Nf3 g6 3. g3 Bg7 4. Bg2 c6 5. O-O d6 6. b3 Nh6 7. Bb2 O-O 8. c4 Nf7
9. Nbd2 Qc7 10. e4 e5 11. dxe5 dxe5 12. Qc2 Be6 13. exf5 gxf5 14. Nh4 Ng5 15.
f4 exf4 16. Rxf4 Na6 17. a3 Bxb2 18. Qxb2 Nc5 19. Qc2 Qe5 20. Raf1 Rad8 21.
Ndf3 Nxf3+ 22. R4xf3 Ne4 23. Re1 Qc5+ 24. Rfe3 Rd2 25. Qb1 Nc3 26. b4 Qxe3+ 27.
Rxe3 Nxb1 28. Rxe6 Nxa3 29. b5 cxb5 30. cxb5 Rc8 31. Nxf5 Rc1+ 32. Bf1 Nc4 33.
Re8+ Kf7 34. Re4 Nd6 35. Nh6+ Kg7 36. Re6 Nxb5 37. Nf5+ Kf7 38. Rh6 Nd4 39.
Nxd4 Rxd4 40. Kf2 Kg7 41. Re6 Rd2+ 42. Ke3 Re1+ 43. Kxd2 Rxe6 0-1

[Event "España ch 1ª Division Norte"]
[Site "Barcelona ESP"]
[Date "2005.08.12"]
[Round "3.10"]
[White "Peralta, Fernando"]
[Black "Blazquez Gomez, Jose Luis"]
[Result "1-0"]
[WhiteElo "2553"]
[BlackElo "2226"]
[PlyCount "67"]
[EventDate "2005.08.11"]
[EventType "team"]
[EventRounds "6"]
[EventCountry "ESP"]
[Source "lmi"]
[SourceDate "2005.08.14"]

1. d4 Nf6 2. c4 g6 3. Nc3 Bg7 4. e4 d6 5. Nf3 O-O 6. Be2 Nc6 7. d5 Nb8 8. h3
Nbd7 9. Be3 Re8 10. O-O e5 11. Nd2 h6 12. b4 Nh7 13. Qc2 Ndf8 14. Bd3 g5 15. c5
Bd7 16. cxd6 cxd6 17. Nb5 Bxb5 18. Bxb5 Re7 19. Rfc1 Ng6 20. Nf1 Nh4 21. Ng3
Nf8 22. Qd1 Nfg6 23. Nh5 Nf4 24. g3 Nxh5 25. Qxh5 Ng6 26. Qg4 a6 27. Be2 Rd7
28. Kg2 Qe7 29. Rab1 Rf8 30. Qh5 Kh7 31. Bg4 Nf4+ 32. gxf4 exf4 33. Bf5+ Kg8
34. Bb6 1-0

[Event "España ch 1ª Division Norte"]
[Site "Barcelona ESP"]
[Date "2005.08.12"]
[Round "3.11"]
[White "Ehsan, Ali"]
[Black "Zubimendi Her, Julian"]
[Result "1-0"]
[WhiteElo "1990"]
[BlackElo "1990"]
[PlyCount "65"]
[EventDate "2005.08.11"]
[EventType "team"]
[EventRounds "6"]
[EventCountry "ESP"]
[Source "lmi"]
[SourceDate "2005.08.14"]

1. e4 e5 2. Nf3 Nc6 3. Bc4 Be7 4. d4 d6 5. dxe5 dxe5 6. Qxd8+ Bxd8 7. Nc3 Nf6
8. Be3 h6 9. O-O-O O-O 10. h3 Be6 11. Bxe6 fxe6 12. a3 Rf7 13. Ne1 g5 14. g3
Nh7 15. Kd2 Nd4 16. Nb1 c6 17. c3 Bb6 18. Nd3 Rd8 19. cxd4 exd4 20. Bxd4 Rxd4
21. Kc2 Rxe4 22. Nc3 Rd4 23. Rde1 Nf8 24. Ne4 Kg7 25. h4 Nh7 26. hxg5 Nxg5 27.
Nxg5 hxg5 28. Rxe6 Rf3 29. Ne5 Rxf2+ 30. Kb1 Rf6 31. Re7+ Kg8 32. Rhh7 Rfd6 33.
Rhg7+ 1-0

[Event "España ch 1ª Division Norte"]
[Site "Barcelona ESP"]
[Date "2005.08.12"]
[Round "3.11"]
[White "Ingunza Lopez, Txema"]
[Black "March Morla, Xavier"]
[Result "1-0"]
[WhiteElo "2047"]
[BlackElo "2156"]
[PlyCount "102"]
[EventDate "2005.08.11"]
[EventType "team"]
[EventRounds "6"]
[EventCountry "ESP"]
[Source "lmi"]
[SourceDate "2005.08.14"]

1. e4 c5 2. Nf3 d6 3. d4 cxd4 4. Nxd4 Nf6 5. Nc3 a6 6. Bg5 e6 7. f4 Be7 8. Qf3
Qc7 9. O-O-O Nbd7 10. g4 h6 11. Bh4 g5 12. fxg5 Ne5 13. Qg3 hxg5 14. Bxg5 Nfxg4
15. Bxe7 Qxe7 16. Be2 Bd7 17. h3 Nf6 18. Nf3 Nh5 19. Qh2 O-O-O 20. Rhg1 Qf6 21.
Nxe5 Qxe5 22. Qxe5 dxe5 23. Rg5 Nf4 24. Rxe5 Nxe2+ 25. Nxe2 Rxh3 26. Rc5+ Kb8
27. Nc3 Rc8 28. Rg5 Bc6 29. Rg7 Rf3 30. Rgg1 b5 31. a3 a5 32. Rgf1 Rxf1 33.
Rxf1 b4 34. axb4 axb4 35. Na2 Bxe4 36. Nxb4 f5 37. Rd1 Kc7 38. Na6+ Kc6 39.
Nb4+ Kc5 40. c3 Ra8 41. Rd7 Ra1+ 42. Kd2 Rb1 43. Na6+ Kc4 44. Rd4+ Kb5 45. Nc7+
Kc6 46. Nxe6 Rxb2+ 47. Ke3 Rc2 48. Rxe4 fxe4 49. Nd4+ Kd5 50. Nxc2 Kc4 51. Kd2
Kb3 1-0

[Event "España ch 1ª Division Norte"]
[Site "Barcelona ESP"]
[Date "2005.08.12"]
[Round "3.11"]
[White "Rodriguez Balzategui, Cesar"]
[Black "Segura Ariza, Jose Luis"]
[Result "0-1"]
[WhiteElo "2210"]
[BlackElo "2204"]
[PlyCount "80"]
[EventDate "2005.08.11"]
[EventType "team"]
[EventRounds "6"]
[EventCountry "ESP"]
[Source "lmi"]
[SourceDate "2005.08.14"]

1. e4 c5 2. Nc3 e6 3. f4 Nc6 4. Nf3 d5 5. Bb5 Nf6 6. d3 Be7 7. O-O Qc7 8. Ne5
O-O 9. Bxc6 bxc6 10. b3 c4 11. Bb2 d4 12. Nb1 c3 13. Bc1 Ne8 14. Na3 a5 15.
Nac4 a4 16. Qh5 axb3 17. cxb3 f6 18. Nf3 c5 19. f5 exf5 20. exf5 Nd6 21. Bf4
Qc6 22. Nh4 Nxc4 23. bxc4 Bd6 24. Ng6 Re8 25. Bxd6 Qxd6 26. Rac1 Re3 27. Nf4
Qe5 28. Rb1 c2 29. Rbc1 Rxa2 30. Nd5 Bd7 31. Nxe3 dxe3 32. Qe2 Bxf5 33. Rxf5
Qxf5 34. Qxe3 h5 35. h4 Kf7 36. Kh1 Qe5 37. Qf3 Ra1 38. Qf1 Rxc1 39. Qxc1 Qe2
40. Kh2 Qd1 0-1

[Event "España ch 1ª Division Norte"]
[Site "Barcelona ESP"]
[Date "2005.08.12"]
[Round "3.11"]
[White "Sauleda Roig, Jaume"]
[Black "Basto Auzmendi, Mario"]
[Result "1/2-1/2"]
[WhiteElo "2172"]
[BlackElo "2132"]
[PlyCount "50"]
[EventDate "2005.08.11"]
[EventType "team"]
[EventRounds "6"]
[EventCountry "ESP"]
[Source "lmi"]
[SourceDate "2005.08.14"]

1. d4 Nf6 2. c4 g6 3. Nc3 Bg7 4. e4 d6 5. Be2 O-O 6. Bg5 c5 7. d5 e6 8. dxe6
Bxe6 9. Qd2 Nc6 10. Nf3 Qa5 11. O-O Nd4 12. Rfd1 Nxe2+ 13. Qxe2 Qb4 14. Rxd6
Bxc4 15. Qc2 Ng4 16. Nd5 Qxb2 17. Qxb2 Bxb2 18. Rb1 Bg7 19. Rxb7 Rfb8 20. Rdd7
Ba6 21. Rb3 c4 22. Rb4 Rxb4 23. Nxb4 Bb5 24. Rc7 h6 25. Bd2 Rd8 1/2-1/2

[Event "España ch 1ª Division Norte"]
[Site "Barcelona ESP"]
[Date "2005.08.12"]
[Round "3.12"]
[White "Fernandez de Betoño, Carlos"]
[Black "Iglesias Valle, Julian"]
[Result "0-1"]
[WhiteElo "2004"]
[BlackElo "2125"]
[PlyCount "61"]
[EventDate "2005.08.11"]
[EventType "team"]
[EventRounds "6"]
[EventCountry "ESP"]
[Source "lmi"]
[SourceDate "2005.08.14"]

1. d4 Nf6 2. c4 d6 3. Nc3 c6 4. e4 e5 5. d5 Be7 6. f3 O-O 7. b4 Ne8 8. Bd3 Bh4+
9. Kf1 a6 10. Nge2 Nc7 11. Ng3 b5 12. Qd2 bxc4 13. Bxc4 Nb5 14. Nxb5 axb5 15.
Bb3 c5 16. Nf5 g6 17. Nxh4 Qxh4 18. Qh6 Qxh6 19. Bxh6 Re8 20. h4 Na6 21. Bd2
Bd7 22. Kf2 Rec8 23. a3 f6 24. Kg3 Kf7 25. f4 Re8 26. fxe5 fxe5 27. h5 Rg8 28.
hxg6+ hxg6 29. Rh7+ Ke8 30. Bg5 c4 31. Bc2 0-1

[Event "España ch 1ª Division Norte"]
[Site "Barcelona ESP"]
[Date "2005.08.12"]
[Round "3.12"]
[White "Iglesias Leon, Francisco J"]
[Black "Arce Balluerca, Jorge"]
[Result "1-0"]
[WhiteElo "2131"]
[BlackElo "2115"]
[PlyCount "29"]
[EventDate "2005.08.11"]
[EventType "team"]
[EventRounds "6"]
[EventCountry "ESP"]
[Source "lmi"]
[SourceDate "2005.08.14"]

1. b3 e6 2. e3 Nf6 3. f4 c5 4. Nf3 Be7 5. Bb2 O-O 6. Be2 b6 7. Ne5 Bb7 8. Bf3
Bxf3 9. Qxf3 d5 10. d3 Ne8 11. Nd2 f6 12. Ng4 Nc6 13. O-O Qd7 14. Qh3 f5 15.
Ne5 1-0

[Event "España ch 1ª Division Norte"]
[Site "Barcelona ESP"]
[Date "2005.08.12"]
[Round "3.12"]
[White "Limeres Guiance, Cristobal"]
[Black "Garcia Gonzalez, Fernando"]
[Result "1-0"]
[WhiteElo "2272"]
[BlackElo "2159"]
[PlyCount "96"]
[EventDate "2005.08.11"]
[EventType "team"]
[EventRounds "6"]
[EventCountry "ESP"]
[Source "lmi"]
[SourceDate "2005.08.14"]

1. d4 d5 2. c4 e6 3. Nc3 c6 4. cxd5 exd5 5. Qc2 Bd6 6. Nf3 Bg4 7. Bg5 Qb6 8. e3
Na6 9. a3 Nc7 10. Na4 Qa5+ 11. b4 Bxb4+ 12. axb4 Qxb4+ 13. Qc3 Qxc3+ 14. Nxc3
f6 15. Bf4 Ne6 16. Bd6 Kd7 17. Bc5 Nxc5 18. dxc5 Ne7 19. Be2 b6 20. cxb6 axb6
21. O-O Kd6 22. Nd4 Bd7 23. Rfb1 b5 24. Nb3 Rhb8 25. Kf1 Nc8 26. Bd3 g6 27. e4
Rxa1 28. Rxa1 c5 29. Ra6+ Rb6 30. Bxb5 Rxa6 31. Bxa6 d4 32. Nd5 f5 33. Nf6 Be6
34. exf5 Bxf5 35. Bxc8 Bxc8 36. Ne4+ Kd5 37. Nbxc5 h5 38. h4 Bf5 39. f3 d3 40.
Ke1 Kc6 41. Kd2 Kc7 42. Kxd3 Kd8 43. Kd4 Ke7 44. Ke5 Kf8 45. Kf6 Kg8 46. Nd6
Bb1 47. Nce4 Kh7 48. Ng5+ Kh8 1-0

[Event "España ch 1ª Division Norte"]
[Site "Barcelona ESP"]
[Date "2005.08.12"]
[Round "3.12"]
[White "Menendez Rey, Javier"]
[Black "Ruiz Gomez, Alejandro"]
[Result "0-1"]
[WhiteElo "2218"]
[BlackElo "2333"]
[PlyCount "41"]
[EventDate "2005.08.11"]
[EventType "team"]
[EventRounds "6"]
[EventCountry "ESP"]
[Source "lmi"]
[SourceDate "2005.08.14"]

1. Nf3 Nf6 2. b3 d6 3. d4 g6 4. Bb2 Bg7 5. g3 O-O 6. Bg2 c5 7. O-O cxd4 8. Nxd4
d5 9. Nf3 Nc6 10. Nbd2 Bf5 11. Nh4 Bg4 12. h3 Bd7 13. c4 d4 14. Rb1 e5 15. Ba1
a5 16. a3 Qe7 17. b4 axb4 18. axb4 Ra2 19. b5 Na5 20. Bb2 Rd8 21. Ra1 0-1